ბათუმის შოთა რუსთაველის სახელმწიფო უნივერსიტეტის ბიბლიოთეკა

კაპიტანი ბუხაიძე (ბიბ.ჩანაწერი № 48284)

000 -LEADER
fixed length control field 00720nam a2200205Ia 4500
001 - CONTROL NUMBER
control field 15169
003 - CONTROL NUMBER IDENTIFIER
control field GE_BSU
008 - FIXED-LENGTH DATA ELEMENTS--GENERAL INFORMATION
fixed length control field 181216s||||||||xx |||||||||||||| ||und||
040 ## - CATALOGING SOURCE
Transcribing agency GE_BSU
080 ## - UNIVERSAL DECIMAL CLASSIFICATION NUMBER
Universal Decimal Classification number 94(47+57)"1941-1945"(479.22)
100 ## - MAIN ENTRY--PERSONAL NAME
Personal name შამათავა, პეტრე.
245 ## - TITLE STATEMENT
Title კაპიტანი ბუხაიძე
245 ## - TITLE STATEMENT
Statement of responsibility, etc. რედ: რ.ორჯონიკიძე; მხატვ:გ.ფორჩხიძე
260 ## - PUBLICATION, DISTRIBUTION, ETC.
Place of publication, distribution, etc. თბილისი.
260 ## - PUBLICATION, DISTRIBUTION, ETC.
Name of publisher, distributor, etc. ნაკადული
260 ## - PUBLICATION, DISTRIBUTION, ETC.
Date of publication, distribution, etc. 1960
300 ## - PHYSICAL DESCRIPTION
Extent 38გვ;ილ;20სმ.
653 ## - INDEX TERM--UNCONTROLLED
Uncontrolled term დიდი სამამულო ომის ქართველი გმირები;
942 ## - ADDED ENTRY ELEMENTS (KOHA)
Koha item type წიგნი
ეგზემპლარები
Withdrawn status Lost status Damaged status Not for loan Date acquired Barcode Date last seen Price effective from Koha item type
        2018-12-17 38334 2018-12-17 2018-12-17 წიგნი
        2018-12-17 38335 2018-12-17 2018-12-17 წიგნი